<?xml version="1.0" encoding="UTF-8"?>
<collection xmlns="http://www.loc.gov/MARC21/slim">
 <record>
  <leader>00602cam a2200169 7i4500</leader>
  <controlfield tag="001">0000047662</controlfield>
  <controlfield tag="005">20060316090000.0</controlfield>
  <datafield tag="020" ind1="#" ind2="0">
   <subfield code="a">1843761912 </subfield>
  </datafield>
  <datafield tag="090" ind1="0" ind2="0">
   <subfield code="a">QC 981.8 C5 </subfield>
   <subfield code="b">I8</subfield>
  </datafield>
  <datafield tag="245" ind1="0" ind2="0">
   <subfield code="a">Issues in international climate policy : </subfield>
   <subfield code="b">theory and policy  </subfield>
   <subfield code="c">edited by Ekko C. van Ierland, Joyeeta Gupta, Marcel T.J. Kok.</subfield>
  </datafield>
  <datafield tag="260" ind1="#" ind2="#">
   <subfield code="a">Cheltenham: </subfield>
   <subfield code="b">Edward Elgar, </subfield>
   <subfield code="c">2003.</subfield>
  </datafield>
  <datafield tag="300" ind1="#" ind2="#">
   <subfield code="a">xii, 294 p.: </subfield>
   <subfield code="b">ill.; </subfield>
   <subfield code="c">24 cm..</subfield>
  </datafield>
  <datafield tag="650" ind1="0" ind2="0">
   <subfield code="a">Climatic changes -- </subfield>
   <subfield code="x">Government policy </subfield>
  </datafield>
  <datafield tag="700" ind1="1" ind2="1">
   <subfield code="a">Gupta, </subfield>
   <subfield code="h">Joyeeta </subfield>
  </datafield>
  <datafield tag="700" ind1="1" ind2="1">
   <subfield code="a">Kok, </subfield>
   <subfield code="h">M. T. J. </subfield>
  </datafield>
  <datafield tag="700" ind1="1" ind2="1">
   <subfield code="a">Ierland, </subfield>
   <subfield code="h">E. van </subfield>
  </datafield>
  <datafield tag="999" ind1=" " ind2=" ">
   <subfield code="a">1100039531</subfield>
   <subfield code="b">Book</subfield>
   <subfield code="c">Open Shelf</subfield>
   <subfield code="e">KOLEKSI TERBUKA</subfield>
  </datafield>
 </record>
</collection>
